000 00242nam a2200097Ia 4500
001 719730
005 20250826163048.0
008 250824s9999 xx 000 0 und d
245 0 _aUNUTULMUŞ DÜŞLER
_cSTEFAN ZWEIG
260 _bEVEREST YAYINLARI
999 _c719730
_d719730